Statistics for Harry Potter Trivia #2

Click here to take the quiz!

General Stats

  • This quiz has been taken 3,413 times
    (2,041 since last reset)
  • The average score is 19 of 30

Answer Stats

QuestionAnswer% Correct
Name one of the positions in QuidditchChaser/Beater/Keeper/Seeker
92%
What is the name of Dumbledore's sister?Ariana
90%
What is the name of the house-elf who serves the Black household?Kreacher
87%
In which country is the castle where the films were filmed?United Kingdom
87%
In what city is the Ministry of Magic?London
79%
What gave the Sword of Gryffindor the ability to destroy Horcruxes?Basilisk Venom
76%
What type of creature is Firenze?Centaur
76%
Who is the House Ghost of Slytherin?The Bloody Baron
76%
Which Quidditch team was Bulgaria playing at the final of the Quidditch World Cup in the fourth book/film?Ireland
75%
What is the name of Lupin and Tonks' baby?Ted
74%
What is the name given to a wizard that can turn into an animal?Animagus
73%
What liquid was Voldemort feeding on in the first book/film?Unicorn Blood
73%
What is the name of the Hogwarts nurse?Madam Pomfrey
72%
What is the name of the magazine that Xenophilius Lovegood owns?The Quibbler
71%
What is Hermione's middle name?Jean
70%
What is the name of the goblin who took Harry to his vault the first time he went to Gringotts?Griphook
68%
What does Dumbledore bequeath to Ron in his will?Deluminator
66%
What type of car does Mr Weasley drive?Ford Anglia
66%
What is the full name of Harry's eldest son?James Sirius Potter
66%
What message becomes engraved on the Snitch Harry received from Dumbledore?'I Open At The Close'
64%
What is the surname of the Three Brothers?Peverell
60%
Which pub in Hogsmeade has a secret passage between it and Hogwarts?The Hog's Head
57%
What spell is 'for enemies'?Sectumsempra
55%
What is Aberforth's Patronus?Goat
53%
What type of dragon is Norbert?Norwegian Ridgeback
49%
How many Sickles are there in a Galleon?17
45%
What dragon did Viktor Krum face in the Triwizard Tournament?Chinese Fireball
41%
Where do Harry and Hermione Apparate after being attacked by Nagini in Godric's Hollow?Forest of Dean
36%
What spell causes a snake to shoot out of one's wand?Serpensortia
27%
Where did Harry meet Padfoot?Little Whinging, Surrey
19%

Score Distribution

Percentile by Number Answered

Percent of People with Each Score

Your Score History

You have not taken this quiz since the last reset